Представление документа в формате RUSMARC

ПолеНазваниеЗначение
  Тип записи a
  Библиографический уровень m
001 Контрольный номер RU/IS/BASE/700569973
005 Дата корректировки 20240207193921.6
100 Данные общей обработки __
a Данные общей обработки 20181120d2018 ||| 0rusy0189 ca
101 Язык документа 0_
a Язык текста rus
102 Страна публикации __
a Страна публикации RU
105 Кодированные данные (монография) __
a Кодированные данные (монография) y###||||000|y
181 Поле кодированных данных: вид содержания _0
a Код вида содержания (ISBD) i#
b Код характеристики содержания (ISBD) #xxe##
d i
e #
f #
g x
h x
i e
182 Поле кодированных данных: тип средства _0
a Код типа средства (ISBD) n
200 Заглавие и сведения об ответственности 1_
a Заглавие Русское разнотравье
e Сведения, относящиеся к заглавию справочник
f Первые сведения об ответственности А. Н. Стрижёв
w Текст (визуальный) : непосредственный
203 Вид содержания и тип средства __
a Вид содержания Текст
b Характеристика содержания визуальный
c Тип средства непосредственный
210 Выходные данные 1_
a Место издания Москва
c Издательство Дрофа-Джамайка
d Дата издания 1995
215 Физическое описание __
a Объем 576 с.
606 Тематические рубрики 1_
a Основная рубрика Растениеводство - Лекарственные растения - Справочники
608 Указатель предметных рубрик __
a Жанр/форма справочник
610 Ключевые слова 1_
a Ключевые слова лекарственные растения
a Ключевые слова растения
a Ключевые слова растения среднерусской флоры
a Ключевые слова справочники растений
a Ключевые слова технические свойства растений
a Ключевые слова травы
a Ключевые слова травянистые растения
a Ключевые слова хозяйственные свойства растений
a Ключевые слова целебные растения
a Ключевые слова целебные свойства растений
686 Индексы других классификаций __
a Классификационный индекс 42.1
2 Код системы rubbk
700 Автор _1
a Фамилия Стрижёв
b Имя (инициалы) Александр Николаевич
g Полное личное имя А. Н.
790 Имя лица - альтернативная форма __
a Имя лица - альтернативная форма Стрижев
801 Источник записи _0
a Страна RU
b Организация Ульяновская ОБДЮ
c Дата составления 20181120
g Правила каталогизации RCR
801 Источник записи _1
a Страна RU
b Организация Ульяновская ОБДЮ
c Дата составления 20181120
g Правила каталогизации RCR
852 Данные о местонахождении __
a Наименование организации Ульяновская ОБДЮ
i Авторский знак С 85
j Шифр хранения 42
901 Тип документа __
t Тип документа m
909 Создатель записи __
a Создатель записи Васильева
910 Корректоры записи __
a Корректор записи Коммисарова Е.
919 __
a Коммисарова Е.
c Васильева
938 Служебная информация __
a Имя БД MarkBase